000
00319nam a22001457a 4500
008
230515b ||||| |||| 00| 0 eng d
020
_a
2900060933769
041
_a
eng
080
_a
101
082
_a
101GIN
100
_a
44
101
_a
FILOZ
245
_a
SELECTED POEMS 1947-1995
_c
GINSBERG.A
942
_2
udc
_c
BK
999
_c
59705
_d
59705